Keeping back the flood waters (Record no. 79135)
[ view plain ]
| 000 -LEADER | |
|---|---|
| fixed length control field | 01070cab a22001935a 4500 |
| 001 - CONTROL NUMBER | |
| control field | L139935 |
| 008 - FIXED-LENGTH DATA ELEMENTS--GENERAL INFORMATION | |
| fixed length control field | 070821s2007 xxka f 000 0 eng d |
| 035 ## - SYSTEM CONTROL NUMBER | |
| System control number | (Sirsi) u139935 |
| 041 0# - LANGUAGE CODE | |
| Language code of text/sound track or separate title | eng |
| 100 1# - MAIN ENTRY--PERSONAL NAME | |
| Personal name | Norton, Mike |
| 245 00 - TITLE STATEMENT | |
| Title | Keeping back the flood waters |
| 260 ## - PUBLICATION, DISTRIBUTION, ETC. | |
| Date of publication, distribution, etc. | 2007 |
| 490 #0 - SERIES STATEMENT | |
| Series statement | Building Engineer |
| Volume/sequential designation | 82(8) August 2007, 14-15(2) |
| 520 ## - SUMMARY, ETC. | |
| Summary, etc. | In the light of recent flooding and the associated challenges for developers, this article looks at Sustainable Urban Drainage Systems (SUDS) and attenuation. Attenuation systems are a technique under the strategy of SUDS and are designed to manage peak storm water flow rates by storing excess flow on site and then releasing it at a specified reduced flow rate after the storm. Considers regulatory requirements, the next generation of attenuation systems, recycling attenuated water, and specifying attenuation systems. |
| 590 ## - LOCAL NOTE (RLIN) | |
| Local note | KA |
| 651 #4 - SUBJECT ADDED ENTRY--GEOGRAPHIC NAME | |
| Geographic name | United Kingdom |
| Chronological subdivision | |
| 690 ## - LOCAL SUBJECT ADDED ENTRY--TOPICAL TERM (OCLC, RLIN) | |
| Topical term or geographic name as entry element | ENVIRONMENTAL AND LAND CONSULTANCY-WATER RESOURCE MANAGEMENT-DRAINAGE-SUSTAINABLE URBAN DRAINAGE SYSTEMS |
| 942 ## - ADDED ENTRY ELEMENTS (KOHA) | |
| Suppress in OPAC | 0 |
| Withdrawn status | Lost status | Source of classification or shelving scheme | Damaged status | Not for loan | Home library | Current library | Shelving location | Date acquired | Total Checkouts | Full call number | Barcode | Date last seen | Copy number | Price effective from | Koha item type |
|---|---|---|---|---|---|---|---|---|---|---|---|---|---|---|---|
| Dewey Decimal Classification | London | London | Journal article | 21/08/2007 | L139935 | 139935-1001 | 06/08/2019 | 1 | 06/08/2019 | Journal article |